<?xml version="1.0" encoding="UTF-8"?>
<marc:record xmlns:marc="http://www.loc.gov/MARC21/slim">
   <marc:leader>00000nam a2200000 a 4500</marc:leader>
   <marc:datafield ind1="1" ind2=" " tag="100">
      <marc:subfield code="a">Berger, Edward</marc:subfield>
      <marc:subfield code="4">aut</marc:subfield>
      <marc:subfield code="e">Verfasser/-in</marc:subfield>
   </marc:datafield>
   <marc:datafield ind1=" " ind2=" " tag="653">
      <marc:subfield code="a">DDR</marc:subfield>
   </marc:datafield>
   <marc:datafield ind1=" " ind2=" " tag="653">
      <marc:subfield code="a">DVDD</marc:subfield>
   </marc:datafield>
   <marc:datafield ind1=" " ind2=" " tag="653">
      <marc:subfield code="a">Deutsch.</marc:subfield>
   </marc:datafield>
   <marc:datafield ind1=" " ind2=" " tag="653">
      <marc:subfield code="a">Fernsehserie</marc:subfield>
   </marc:datafield>
   <marc:datafield ind1=" " ind2=" " tag="653">
      <marc:subfield code="a">Kalter Krieg</marc:subfield>
   </marc:datafield>
   <marc:datafield ind1=" " ind2=" " tag="653">
      <marc:subfield code="a">Spionage</marc:subfield>
   </marc:datafield>
   <marc:datafield ind1=" " ind2=" " tag="653">
      <marc:subfield code="a">Subvention BKA 2015</marc:subfield>
   </marc:datafield>
   <marc:datafield ind1=" " ind2=" " tag="653">
      <marc:subfield code="a">Video</marc:subfield>
   </marc:datafield>
   <marc:datafield ind1="0" ind2="0" tag="245">
      <marc:subfield code="a">Deutschland 83</marc:subfield>
   </marc:datafield>
   <marc:datafield ind1="0" ind2="0" tag="245">
      <marc:subfield code="c">Berger, Edward</marc:subfield>
   </marc:datafield>
   <marc:datafield ind1="1" ind2=" " tag="520">
      <marc:subfield code="a">Auf dem Höhepunkt des Kalten Krieges wird der junge NVA-Soldat Martin Rauch  als DDR-Spion in den Westen eingeschleust - eine mehr als riskante Mission...&#xD;
1983: Der Höhepunkt des Kalten Krieges. Das Jahr, in dem die Welt an den Rand einer nuklearen Katastrophe geriet. Vor diesem Hintergrund schleust der Auslandsgeheimdienst der DDR den jungen NVA-Soldaten Martin Rauch (Jonas Nay) gegen seinen Willen als Spion in den Westen ein. Dort soll er unter der Identität des Bundeswehr-Offiziers Moritz Stamm geheime Militärpläne beschaffen. Zwischen Friedensdemos, NATO-Manövern und Neuer Deutscher Welle gerät Martin in den Strudel der Geheimdienste und wird in einem eskalierenden Konflikt globalen Ausmaßes zum Zünglein an der Waage ...</marc:subfield>
   </marc:datafield>
</marc:record>
